Countries Bordering Unknown Country #22 - Statistics

General Stats
  • This quiz has been taken 548 times
  • The average score is 5 of 5
Answer Stats
Bordering Country Answer % Correct
N Niger
98%
C Chad
96%
C Cameroon
95%
B Benin
91%
Nigeria
86%
No matching quizzes found
Score Distribution
Percent of People with Each Score
Percentile by Number Answered
Your Score History
You have not taken this quiz